La technique du financement des entreprises et spécialment des sociétés de capitaux / (Record no. 150256)

MARC details
000 -LEADER
campo de control de longitud fija 00625nam a2200181 i 4500
001 - NÚMERO DE CONTROL
campo de control 150256
003 - IDENTIFICADOR DE NÚMERO DE CONTROL
campo de control ES-MaACL
005 - FECHA Y HORA DE LA ÚLTIMA TRANSACCIÓN
campo de control 20230906203434.0
007 - CAMPO FIJO DE DESCRIPCIÓN FÍSICA--INFORMACIÓN GENERAL
campo de control de longitud fija t|
008 - DATOS DE LONGITUD FIJA--INFORMACIÓN GENERAL
campo de control de longitud fija 071029s1956 fr ||||1| fre d
100 1# - ENTRADA PRINCIPAL--NOMBRE DE PERSONA
Nombre de persona Vaes, Urbain J.
9 (RLIN) 112396
245 13 - MENCIÓN DEL TÍTULO
Título La technique du financement des entreprises et spécialment des sociétés de capitaux /
Mención de responsabilidad, etc. par Urbain J. Vaes.
250 ## - MENCION DE EDICION
Mención de edición 3e éd.
260 ## - PUBLICACIÓN, DISTRIBUCIÓN, ETC.
Lugar de publicación, distribución, etc. Paris :
Nombre del editor, distribuidor, etc. Dunod,
Fecha de publicación, distribución, etc. 1956.
300 ## - DESCRIPCIÓN FÍSICA
Extensión 550 p. ;
Dimensiones 25 cm.
500 ## - NOTA GENERAL
Nota general Université de Louvain. Centre de Recherches en Economie et Gestion des Entrepises. Publications. Nº 6.
852 ## - LOCALIZACIÓN
Ubicación ES-MaACL
Número de control de estantería C-11230
Sublocalización o colección R.39522
Holdings
Estatus retirado Estado de pérdida Estado de daño No para préstamo Biblioteca de origen Biblioteca actual Ubicación en estantería Fecha de adquisición Fuente de adquisición Total de préstamos Signatura topográfica completa Código de barras Visto por última vez Precio de reemplazo Tipo de ítem Koha
        Biblioteca del Ateneo de Madrid Biblioteca del Ateneo de Madrid Sala Palomar 17/01/2008     C-11230 1156789 23/02/2023 23/02/2023 Libro impreso